LEADER 01332nam a2200289 u 4500 001 000000021960 003 CaOOAMICUS 005 20070226111054.0 008 950509s1929 it a u000 u ita u 035 $a10546359 040 $aPUL(R)$bita 041 1 $aita$hgrc 100 0 $aHesiodus,$dsec. VIII-VII a.C.$0(OLS)http://pul/name/5420 240 10$aOpere$9(Hesiodus, sec. VIII-VII a.C.).$lItaliano.$0(OLS)http://pul/title/30672 245 12$aI poemi :$bLe Opere e i giorni, la Teogonia, Lo Scudo di Ercole, Frammenti /$cEsiodo ; con incisioni di A. De Carolis e A. Moroni. 260 $aBologna :$bZanichelli,$c1929. 300 $acix, 177 p. :$bill. ;$c21 cm 490 1 $aI poeti greci 700 1 $aDe Carolis, Adolfo,$d1874-1928.$0(OLS)http://pul/name/18710 700 1 $aRomagnoli, Ettore,$d1871-1938.$0(OLS)http://pul/name/982 830 2$aI poeti greci (Zanichelli).$0(OLS)http://pul/title/30671 850 $aPUL 852 $aPUL$W1$xDP1 Fondo Cecchetti$y53$m294 B 35$j30857$nBK-PRI$b $qFondi$B30857$CPULBib$Z2$F30857 $HPUL3651 $81 900 $aEsiodo,$dsec. VIII-VII a.C$95420 941 1 $a1 996 $6245$aI poemi :$bLe Opere e i giorni, la Teogonia, Lo Scudo di Ercole, Frammenti$9(OLS)http://pul/title/30673 996 $6260$aBologna :$bZanichelli$9(OLS)http://pul/publisher/48255 LEADER 01364nam a2200325 a 4500 001 000000114218 003 CaOOAMICUS 005 20090114152445.0 008 090114s2008 vc 000 0 ita d 020 $z978-88-209-8130-3* 040 $aPUL$bita$dLDB 100 1 $aLuciani, Alfredo,$d1938-$0(OLS)http://pul/name/40133 245 10$aEtica economia finanza globale /$cAlfredo Luciani. 260 $aCittą del Vaticano :$bLibreria editrice vaticana,$c2008. 300 $a133 p. ;$c21 cm 500 $aIn testa al front. : Associazione caritą politica. 504 $aContiene riferimenti bibliografici. 650 4$aEtica e economia.$0(OLS)http://pul/subject/11804 710 2 $aAssociazione caritą politica.$0(OLS)http://pul/name/69356 850 $aPUL 852 $aPUL$W1$xSL Religione 3$y85$m241. 64 LUCAL 1$j130519$qDDC 21$B129592$CPULBib$Z2$F129592 $H109099 $82 941 1 $a9 960 $aEconomia e morale$911804 960 $aEconomia e morale$911804 960 $aEtica economica$911804 960 $aEtica degli affari$911804 960 $aFinanza etica$911804 996 $6020$z978-88-209-8130-3*$9(OLS)http://pul/number/139405 996 $6245$aEtica economia finanza globale$9(OLS)http://pul/title/143549 996 $6260$aCittą del Vaticano :$bLibreria editrice vaticana$9(OLS)http://pul/publisher/47920